Super Banking Innovative Management Strategies (That Work)
Gespeichert in:
| 1. Verfasser: | |
|---|---|
| Format: | Buch |
| Sprache: | Englisch |
| Veröffentlicht: |
Homewood
Irwin
1989
|
| Ausgabe: | 1. ed. |
| Schlagworte: | |
| Tags: |
Keine Tags, Fügen Sie das erste Tag hinzu!
|
MARC
| LEADER | 00000nam a2200000 4500 | ||
|---|---|---|---|
| 001 | c012865 | ||
| 005 | 20221206131653.3 | ||
| 041 | 0 | |a eng | |
| 044 | |a US | ||
| 245 | 1 | 0 | |a Super Banking |b Innovative Management Strategies (That Work) |c Richard B. Miller |
| 250 | |a 1. ed. | ||
| 264 | 1 | |a Homewood |b Irwin |c 1989 | |
| 300 | |a 207 s. | ||
| 610 | 2 | 0 | |a bankovníctvo |
| 610 | 2 | 0 | |a manažment strategický |
| 610 | 2 | 0 | |a risk management |
| 610 | 2 | 0 | |a inovácia |
| 610 | 2 | 0 | |a obchod |
| 610 | 2 | 0 | |a priemysel |
| 610 | 2 | 0 | |a decentralizácia |
| 100 | 1 | |a Miller, Richard B. | |